| 000 | 00359nam a22001577a 4500 | ||
|---|---|---|---|
| 003 | OSt | ||
| 005 | 20240409120053.0 | ||
| 008 | 220615b xxu||||| |||| 00| 0 eng d | ||
| 020 | _a1259029832 | ||
| 040 | _cIIMT UNIVERSITY, MEERUT | ||
| 100 | _aDUGGAL,S.K. | ||
| 245 | _aSURVEYING VOL-II | ||
| 260 |
_aDELHI _bTHM _c2010 |
||
| 300 | _a449 | ||
| 942 |
_2ddc _c02 |
||
| 999 |
_c52289 _d52289 |
||